00285nam a2200133Ia 450000100060000000800410000604000130004708200160006010000140007624500340009026000090012430000110013354600070014413883140402s9999 xx 000 0 und d cPK-LaUMT a 220bASI-B aAsi Ziaee aBarnabas ki EngeelcAsi Ziaee c1998 a286 p. aEN